000 00732nam a2200241Ia 4500
003 OSt
005 20220923213231.0
006 a|||||r|||| 00| 0
007 ta
008 220922b |||||||| |||| 00| 0 hin d
024 _a160,078
037 _cTextual
040 _aARTS
_cARTS
_bhin
041 _2hin
_ahin
082 _aO152,1:g(S:521), K9
100 _aखन्ना, सरोज
245 0 _aहिन्दी कविता में हास्य रस
246 _aHindī kavitā mean hāsya rasa
260 _c1969
650 _aहिन्दी साहित्य
_9156264
942 _hO152,1:g(S:521), K9
_cTEXL
_2CC
999 _c314825
_d314825